000 00884nam a22002772a 4500
001 29370
003 BD-RjUL
005 20211209051414.0
008 140403s1954 nyua b 001 0 eng d
035 _a(BD-RjUL)29455
040 _aDLC
_cJNA
_dSER
_dEQO
_dBD-RjUL
_beng
041 _aeng
082 _a137.8
_bPER 1954
245 1 0 _aPersonality through perception :
_ban experimental and clinical study /
_c[by] H. A. Witkin ... [et al.]
260 _aNew York :
_bHarper,
_c[1954]
300 _axxvi, 571 p. :
_bill. ;
_c22 cm
490 1 _a[Harper's psychological series]
504 _aIncludes Bibliography: p. 555-560 and index.
650 0 _aPersonality
_989571
650 0 _aPersonality tests
_931110
650 0 _aPerception
_989572
700 _aWitkin, Herman A.
_989573
830 0 _a[Harper's psychological series]
_989575
942 _2ddc
_cBK
999 _c29370
_d29370